MAASAI MARA UNIVERSITY

LIBRARY CATALOGUE

Contact Us: +254 020 2685356/7 or 0774 057787

Box: 861-20500, NAROK, KENYA

Email: info@mmarau.ac.ke

Psychology / (Record no. 23297)

MARC details
000 -LEADER
fixed length control field 00754pam a2200253 a 4500
001 - CONTROL NUMBER
control field 2504028
003 - CONTROL NUMBER IDENTIFIER
control field OSt
005 - DATE AND TIME OF LATEST TRANSACTION
control field 20170518102836.0
008 - FIXED-LENGTH DATA ELEMENTS--GENERAL INFORMATION
fixed length control field 920506s1992 nyua b 001 0 eng
010 ## - LIBRARY OF CONGRESS CONTROL NUMBER
LC control number 92017531
020 ## - INTERNATIONAL STANDARD BOOK NUMBER
International Standard Book Number 0065002172
040 ## - CATALOGING SOURCE
Original cataloging agency MMU
Transcribing agency MMU
Modifying agency MMU
Language of cataloging Eng
050 00 - LIBRARY OF CONGRESS CALL NUMBER
Classification number BF121
Item number .W27 1993
082 00 - DEWEY DECIMAL CLASSIFICATION NUMBER
Classification number 150
Edition number 20
100 1# - MAIN ENTRY--PERSONAL NAME
Personal name Wade, Carole
Titles and words associated with a name (Professor of psychology)
245 10 - TITLE STATEMENT
Title Psychology /
Statement of responsibility, etc. Carole Wade, Carol Tavris.
250 ## - EDITION STATEMENT
Edition statement 3rd ed.
260 ## - PUBLICATION, DISTRIBUTION, ETC. (IMPRINT)
Place of publication, distribution, etc. New York :
Name of publisher, distributor, etc. HarperCollinsCollegePublishers,
Date of publication, distribution, etc. c1993.
300 ## - PHYSICAL DESCRIPTION
Extent xxix, 698, [78] p. :
Other physical details ill. (chiefly col.) ;
Dimensions 28 cm.
504 ## - BIBLIOGRAPHY, ETC. NOTE
Bibliography, etc Includes bibliographical references and indexes.
650 #0 - SUBJECT ADDED ENTRY--TOPICAL TERM
Topical term or geographic name as entry element Psychology.
9 (RLIN) 439
700 1# - ADDED ENTRY--PERSONAL NAME
Personal name Tavris, Carol.
942 ## - ADDED ENTRY ELEMENTS (KOHA)
Source of classification or shelving scheme Library of Congress Classification
Koha item type L
Holdings
Withdrawn status Lost status Source of classification or shelving scheme Damaged status Not for loan Home library Current library Date acquired Source of acquisition Total Checkouts Full call number Barcode Date last seen Price effective from Koha item type
    Library of Congress Classification     Maasai Mara University Library -Main Campus Maasai Mara University Library -Main Campus 02/21/2017 Donation T4C   BF121.W27 1993 17024722 02/21/2017 02/21/2017 L
© 2016 Maasai Mara University.